• 首页
  • 本馆介绍
  • 公告通知
  • 最新文献
  • 馆藏检索
  • 电子资源
  • 读者导购
  • 参考咨询
  • 我的图书馆
  • 登录
  • 详细信息显示
  • 放入我的书架
  • 预约/预借图书
  • 作者相关作品
  • 分类相关作品
  • 丛书相关作品
  • 出版社相关作品

书目信息

  • 表格格式
  • 工作单格式
  • 卡片格式
题名:
破解大脑之谜
    
 
作者: 陈定学 著
分册:  
出版信息: 北京   群言出版社  2005
页数: 446页
开本: 21cm
丛书名:
单 册:
中图分类: R338.2
科图分类:
主题词: 脑科学--研究 , 脑科学
电子资源:
ISBN: 7-80080-559-X
000 00814nam0 2200253 450
001 010040033619
005 20061119110911.20
010    @a7-80080-559-X@dCNY38.80
100    @a20060411d2005 em y0chiy0110 ea
101 0  @achi
102    @aCN@b110000
105    @ay z 000yy
200 1  @a破解大脑之谜@9po jie da nao zhi mi@e精神分子论@f陈定学著
210    @a北京@c群言出版社@d2005
215    @a446页@d21cm
330    @a本书提出了一个原创的精神理论与脑理论——精神分子论,并通过这个新的理论从新的角度对大脑之谜进行了新的探索等。
510 1  @aRevealing the mystery of the brain@zeng
517 1  @a精神分子论@9jing shen fen zi lun
606 0  @a脑科学@x研究
606 0  @a脑科学
690    @aR338.2@v4
701  0 @a陈定学@9chen ding xue@4著
801  0 @aCN@bRENTIAN@c20061119
905    @a10447@dR338.2@e134
    
    破解大脑之谜:精神分子论/陈定学著.-北京:群言出版社,2005
    446页;21cm
    
    
    ISBN 7-80080-559-X:CNY38.80
    本书提出了一个原创的精神理论与脑理论——精神分子论,并通过这个新的理论从新的角度对大脑之谜进行了新的探索等。
●
相关链接 在E读中查询图书 在五车中查询图书 在当当中查询图书 在豆瓣中查询图书


正题名:破解大脑之谜     索取号:R338.2/134         预约/预借

序号 登录号 条形码 馆藏地/架位号 状态 备注
1 0393559   203935590   第二样本阅览室/ [索取号:R338.2/134] 在馆    
2 0393560   203935607   教育系资料室/ [索取号:R338.2/134] 在馆    
3 0393561   203935616   第三借阅区/ [索取号:R338.2/134] 在馆    
4 0393562   203935625   第三借阅区/ [索取号:R338.2/134] 在馆    
5 0393563   203935634   第三借阅区/ [索取号:R338.2/134] 在馆    
唐山师范学院图书馆 欢迎您!
大连网信软件有限公司© 版权所有